[Event "Senioren 2018"]
[Site "Bad Woerishofen"]
[Date "2018.02.24"]
[Round "2"]
[White "Straesser, Gerda"]
[Black "Zwetz, Anita"]
[Result "1-0"]
[WhiteElo "1658"]
[BlackElo "1842"]
[PlyCount "129"]
[EventDate "2018.??.??"]
[WhiteTeam "SV Rottweil"]
[BlackTeam "TSV Kareth-Lappersdorf"]

1. e4 e6 2. d4 d5 3. Nd2 c5 4. c3 Nc6 5. Ngf3 cxd4 6. cxd4 Bb4 7. e5 Bd7 8. a3
Be7 9. Be2 Nh6 10. O-O Nf5 11. Nb3 Qb6 12. Re1 a5 13. Be3 Nxe3 14. fxe3 a4 15.
Nbd2 Qxb2 16. Rb1 Qxa3 17. Rxb7 Qxe3+ 18. Kh1 Qc3 19. Qb1 Nd8 20. Rxd7 Ba3 21.
Qb5 O-O 22. Qd3 Qxd3 23. Bxd3 Nc6 24. Rc7 Nb4 25. Bb5 Na6 26. Bxa6 Rxa6 27. Rb1
Raa8 28. Rcb7 h6 29. Ra1 Rfc8 30. Rxa3 Rc1+ 31. Ng1 Rd1 32. Ndf3 Rc8 33. Rxa4
Rcc1 34. Ra2 g5 35. h3 h5 36. g4 hxg4 37. hxg4 Rd3 38. Rf2 Rdd1 39. Rbb2 Kg7
40. Rbd2 Rxd2 41. Rxd2 f6 42. exf6+ Kxf6 43. Rf2 Rd1 44. Kg2 Ke7 45. Rd2 Rb1
46. Nxg5 Rb8 47. Kg3 Kd6 48. Re2 Rb3+ 49. Kg2 e5 50. Rxe5 Rd3 51. N1f3 Ra3 52.
Nf7+ Kc6 53. g5 Ra8 54. Re6+ Kd7 55. Rd6+ Ke7 56. N3e5 Rg8 57. Rxd5 Ke6 58. Rd8
Rg7 59. d5+ Kf5 60. Re8 Rh7 61. d6 Rh4 62. d7 Ra4 63. d8=Q Ra2+ 64. Kf3 Ra3+
65. Nd3 1-0

[Event "Senioren 2018"]
[Site "Bad Woerishofen"]
[Date "2018.02.24"]
[Round "2"]
[White "Teubner, Wolfgang"]
[Black "Hertkorn, Dieter"]
[Result "1/2-1/2"]
[WhiteElo "1791"]
[BlackElo "1547"]
[PlyCount "105"]
[EventDate "2018.??.??"]
[WhiteTeam "SF Blaustein"]

1. c4 Nc6 2. Nc3 e5 3. g3 Nf6 4. Bg2 Bb4 5. Nd5 Nxd5 6. cxd5 Ne7 7. a3 Ba5 8.
b4 Bb6 9. Bb2 d6 10. Qc2 Ng6 11. e3 O-O 12. a4 a6 13. a5 Ba7 14. Rc1 Bb8 15.
Ne2 f5 16. O-O Bd7 17. d3 Ra7 18. Nc3 b6 19. h4 b5 20. Qe2 Ne7 21. f4 c6 22.
dxc6 Bxc6 23. Bxc6 Nxc6 24. Nd5 Ne7 25. Nxe7+ Rxe7 26. Rc6 Ra7 27. Rfc1 Rc7 28.
Qc2 Rxc6 29. Qxc6 Qe7 30. fxe5 dxe5 31. Qd5+ Kh8 32. Qb3 Ba7 33. d4 exd4 34.
Bxd4 Bxd4 35. exd4 Qd6 36. d5 Qe5 37. Rc3 f4 38. Rf3 h6 39. Qd3 Qd6 40. Qd4 Rc8
41. gxf4 Rc4 42. Qe5 Qxb4 43. d6 Rd4 44. d7 Qd6 45. Qe8+ Kh7 46. h5 Qxd7 47.
Qg6+ Kg8 48. Re3 Rd1+ 49. Kf2 Qb7 50. Re4 Rd8 51. Kg3 b4 52. Re8+ Rxe8 53.
Qxe8+ 1/2-1/2

[Event "Senioren 2018"]
[Site "Bad Woerishofen"]
[Date "2018.02.24"]
[Round "2"]
[White "Thiel, Harry"]
[Black "Dallmeier, Gerhard"]
[Result "1-0"]
[WhiteElo "1632"]
[BlackElo "1790"]
[PlyCount "29"]
[EventDate "2018.??.??"]
[WhiteTeam "Schachpinguine Berlin"]
[BlackTeam "Roland Weißenfels"]

1. e4 c5 2. Nf3 d6 3. d4 cxd4 4. Qxd4 Nc6 5. Bb5 Bd7 6. Bxc6 Bxc6 7. Nc3 a6 8.
Be3 Qc7 9. Qd3 Nf6 10. Nd4 g6 11. Bg5 Bg7 12. O-O-O Qa5 13. Be3 Rc8 14. Nb3 b5
15. Nxa5 1-0

[Event "Senioren 2018"]
[Site "Bad Woerishofen"]
[Date "2018.02.24"]
[Round "2"]
[White "Titz, Waldemar"]
[Black "Traversi, Carlo"]
[Result "0-1"]
[WhiteElo "1770"]
[BlackElo "1537"]
[PlyCount "78"]
[EventDate "2018.??.??"]
[WhiteTeam "SV Rottweil"]

1. e4 d6 2. d4 Nf6 3. Nc3 c6 4. f3 g6 5. Be3 Bg7 6. Qd2 Nbd7 7. Bc4 Nb6 8. Bb3
d5 9. e5 Ng8 10. Nge2 h5 11. h4 Nh6 12. Ng3 Be6 13. Na4 Nxa4 14. Bxa4 b5 15.
Bb3 a5 16. c3 Nf5 17. Nxf5 Bxf5 18. Bc2 Bxc2 19. Qxc2 Qd7 20. O-O-O b4 21. c4
a4 22. Rde1 b3 23. axb3 axb3 24. Qxb3 O-O 25. c5 Rfb8 26. Qc3 Ra2 27. b4 Rba8
28. Kd1 R8a3 29. Qc1 Qf5 30. Rhf1 Qd3+ 31. Bd2 Ra1 32. Rf2 Rxc1+ 33. Kxc1 Ra1+
34. Kb2 Rxe1 35. Bxe1 Qxd4+ 36. Kc2 Bxe5 37. Re2 Qc4+ 38. Kd1 Bc3 39. Rc2 Qd4+
0-1

[Event "Senioren 2018"]
[Site "Bad Woerishofen"]
[Date "2018.02.24"]
[Round "2"]
[White "Trefzer, Erhard"]
[Black "Semakoff, Aleks"]
[Result "1/2-1/2"]
[WhiteElo "1910"]
[BlackElo "2097"]
[PlyCount "64"]
[EventDate "2018.??.??"]
[WhiteTeam "SV Besigheim"]

1. e4 d5 2. exd5 Nf6 3. Nf3 Bg4 4. h3 Bxf3 5. Qxf3 Qxd5 6. Qxd5 Nxd5 7. a3 e5
8. g3 Nc6 9. Nc3 Nf6 10. Bb5 Kd7 11. d3 Be7 12. O-O a6 13. Bxc6+ Kxc6 14. Bg5
Rhe8 15. Bxf6 Bxf6 16. Ne4 Be7 17. Rfe1 f5 18. Nc3 Bf6 19. Re2 e4 20. Rae1 Bxc3
21. bxc3 Rad8 22. d4 Rd5 23. Rb1 Ra5 24. Rb3 b5 25. f3 Kd5 26. Kf2 Ra4 27. g4
g6 28. f4 c5 29. dxc5 Kxc5 30. Ke3 Rd8 31. gxf5 gxf5 32. Rg2 Kc6 1/2-1/2

[Event "Senioren 2018"]
[Site "Bad Woerishofen"]
[Date "2018.02.24"]
[Round "2"]
[White "Villing, Dieter"]
[Black "Goris, Ton"]
[Result "1-0"]
[WhiteElo "2094"]
[BlackElo "1939"]
[PlyCount "99"]
[EventDate "2018.??.??"]
[WhiteTeam "SK Ludwigshafen"]

1. e4 e6 2. d4 d5 3. Nc3 Bb4 4. e5 c5 5. dxc5 Ne7 6. Nf3 Nbc6 7. Bd3 Ng6 8.
Bxg6 hxg6 9. O-O Bxc5 10. Na4 Be7 11. b3 Bd7 12. Qe2 Rc8 13. Nb2 f6 14. c4 d4
15. Nd3 Kf7 16. Bb2 Qb6 17. Rad1 a5 18. Rfe1 Rh5 19. g4 Rh7 20. exf6 gxf6 21.
Nf4 e5 22. Nd5 Qd8 23. g5 Kf8 24. gxf6 Bxf6 25. Nxf6 Qxf6 26. Qe4 Bf5 27. Qd5
e4 28. Bxd4 Nxd4 29. Qxd4 Qe7 30. h4 Qc7 31. Ne5 Re8 32. f4 exf3 33. Kf2 Rc8
34. Nxf3 Qc5 35. Qxc5+ Rxc5 36. Rd8+ Kg7 37. Re7+ Kh6 38. Rxh7+ Kxh7 39. Nd4
Rc7 40. Nxf5 gxf5 41. Rd5 b6 42. Rxf5 Kg6 43. Rb5 Rc6 44. Kg3 Kh6 45. Kf4 a4
46. Ke4 Kg7 47. Rg5+ Kf6 48. Kd5 Rc5+ 49. Kd6 axb3 50. axb3 1-0

[Event "Senioren 2018"]
[Site "Bad Woerishofen"]
[Date "2018.02.24"]
[Round "2"]
[White "Vonach, Bernhard"]
[Black "Rubke, Manfred"]
[Result "0-1"]
[WhiteElo "1938"]
[BlackElo "2114"]
[PlyCount "130"]
[EventDate "2018.??.??"]
[WhiteTeam "Sportfr.Windach"]
[BlackTeam "TSV Haunstetten"]

1. Nf3 d5 2. b3 c5 3. e3 Nc6 4. Bb2 Bg4 5. Be2 e6 6. O-O Nf6 7. h3 Bh5 8. d3
Be7 9. Nbd2 O-O 10. c4 Qc7 11. Rc1 Rad8 12. cxd5 Rxd5 13. d4 Rfd8 14. Bc4 R5d7
15. g4 Bg6 16. Qe2 Qa5 17. a4 cxd4 18. exd4 Nd5 19. Bxd5 Qxd5 20. Qc4 Qd6 21.
Rfe1 h5 22. Ne4 Qf4 23. d5 Qxf3 24. dxc6 Bxe4 25. Qxe4 Qxe4 26. Rxe4 Rd1+ 27.
Rxd1 Rxd1+ 28. Kg2 bxc6 29. Rc4 c5 30. gxh5 Rd2 31. Bc1 Rd5 32. h6 g5 33. h4
Kh7 34. hxg5 Bxg5 35. Bxg5 Rxg5+ 36. Kf1 Kxh6 37. b4 cxb4 38. Rxb4 Kg6 39. Ke2
Rd5 40. Rb7 a5 41. Rb5 Kf6 42. Rb3 Rd4 43. Ra3 e5 44. Ke3 Ke6 45. Ra1 f5 46. f3
Kd5 47. Ke2 Kc5 48. Ke3 Kb4 49. Rc1 Rc4 50. Rd1 Rc3+ 51. Ke2 f4 52. Rd3 Rc2+
53. Kd1 Rc5 54. Rd2 Kxa4 55. Rb2 Ka3 56. Rb8 a4 57. Kd2 Rd5+ 58. Ke2 Rd4 59.
Rb5 e4 60. fxe4 Rxe4+ 61. Kd2 Rb4 62. Rc5 Rb2+ 63. Kc1 f3 64. Rf5 f2 65. Rf4
Re2 0-1

[Event "Senioren 2018"]
[Site "Bad Woerishofen"]
[Date "2018.02.24"]
[Round "2"]
[White "Wagner, Franz"]
[Black "Kelemen, Norbert"]
[Result "1-0"]
[WhiteElo "1913"]
[BlackElo "1661"]
[PlyCount "41"]
[EventDate "2018.??.??"]
[WhiteTeam "Spgem Kötz/Ichenhausen"]
[BlackTeam "SC Weiße Dame Ulm"]

1. e4 c5 2. Nf3 Nc6 3. Bb5 a6 4. Bxc6 bxc6 5. O-O d6 6. h3 e5 7. c3 Nf6 8. d4
cxd4 9. cxd4 Qc7 10. dxe5 dxe5 11. Nc3 Be7 12. Bg5 O-O 13. Qc2 Be6 14. Bh4 Rfe8
15. Rfd1 Nd7 16. Bxe7 Rxe7 17. Ng5 f6 18. Nxe6 Rxe6 19. Qd3 Re7 20. Qc4+ Kf8
21. Nd5 1-0

[Event "Senioren 2018"]
[Site "Bad Woerishofen"]
[Date "2018.02.24"]
[Round "2"]
[White "Waltenberger, Udo"]
[Black "Dietl, Robert"]
[Result "1/2-1/2"]
[WhiteElo "2038"]
[BlackElo "1912"]
[PlyCount "48"]
[EventDate "2018.??.??"]
[WhiteTeam "SV Eiche Reichenbrand"]
[BlackTeam "SK Königsbrunn"]

1. d4 Nf6 2. Nf3 c5 3. d5 e6 4. c4 exd5 5. cxd5 d6 6. Nc3 g6 7. g3 Bg7 8. Bg2
O-O 9. O-O Na6 10. Nd2 Nc7 11. Nc4 b5 12. Nxd6 Qxd6 13. Bf4 Qb6 14. d6 Ne6 15.
Bxa8 Nxf4 16. gxf4 Bh3 17. Bg2 Bxg2 18. Kxg2 b4 19. Nd5 Qb7 20. e4 Nxe4 21. f3
Nxd6 22. Re1 Nf5 23. Ne3 Nxe3+ 24. Rxe3 Bxb2 1/2-1/2

[Event "Senioren 2018"]
[Site "Bad Woerishofen"]
[Date "2018.02.24"]
[Round "2"]
[White "Wawrinsky, Ludwig"]
[Black "Riedel, Lutz"]
[Result "0-1"]
[WhiteElo "1760"]
[BlackElo "2040"]
[PlyCount "88"]
[EventDate "2018.??.??"]
[WhiteTeam "SK Neuperlach"]
[BlackTeam "SK Krumbach"]

1. e4 c5 2. d3 Nc6 3. f4 d5 4. Nc3 d4 5. Nce2 Nf6 6. h3 h5 7. g3 g6 8. Bg2 a5
9. Nf3 Bg7 10. a3 Qb6 11. O-O Bd7 12. Ng5 e6 13. f5 exf5 14. exf5 Bxf5 15. Nf4
O-O 16. Bf3 Ne5 17. Nd5 Nxf3+ 18. Qxf3 Nxd5 19. Qxd5 Rad8 20. Qc4 Qc6 21. Bd2
b5 22. Qa2 Qc7 23. Bf4 Be5 24. Rae1 Bxf4 25. Rxf4 h4 26. Ref1 hxg3 27. Kg2 Qe7
28. Kxg3 Qxg5+ 29. Kh2 Be6 30. Qb1 Kg7 31. Qe1 Rh8 32. h4 Rh5 33. Qf2 Qe5 34.
Re1 Qd6 35. Kg1 Rdh8 36. Qg3 Rf5 37. Ref1 Rxf4 38. Rxf4 Qd5 39. Qf2 Rh5 40. Qg3
Qe5 41. Kh2 Rf5 42. Rxf5 Qxg3+ 43. Kxg3 Bxf5 44. Kf4 Kf6 0-1

[Event "Senioren 2018"]
[Site "Bad Woerishofen"]
[Date "2018.02.24"]
[Round "2"]
[White "Winter, Bernd"]
[Black "Rueberg, Jobst"]
[Result "0-1"]
[WhiteElo "1925"]
[BlackElo "2086"]
[PlyCount "46"]
[EventDate "2018.??.??"]
[WhiteTeam "Münchener SC"]
[BlackTeam "SV Ahlen"]

1. e4 c5 2. Nf3 a6 3. d4 cxd4 4. Nxd4 Nf6 5. Nc3 e5 6. Nb3 Bb4 7. Nd2 O-O 8.
Bd3 Bxc3 9. bxc3 d5 10. O-O Be6 11. Qe1 Nc6 12. Kh1 Re8 13. Rb1 Qc7 14. exd5
Bxd5 15. c4 Be6 16. Ne4 Nxe4 17. Qxe4 f5 18. Qh4 Ne7 19. f3 Rad8 20. Bg5 Rd4
21. Qf2 Bxc4 22. Be3 Rd7 23. Bxf5 Nxf5 0-1

[Event "Senioren 2018"]
[Site "Bad Woerishofen"]
[Date "2018.02.24"]
[Round "2"]
[White "Zerweck, Christoph"]
[Black "Heppell, Ian N"]
[Result "1/2-1/2"]
[WhiteElo "1897"]
[BlackElo "2035"]
[PlyCount "31"]
[EventDate "2018.??.??"]
[WhiteTeam "SV Herrenberg"]

1. e4 e5 2. Nc3 Nf6 3. f4 d5 4. fxe5 Nxe4 5. Qf3 Nxc3 6. bxc3 Be7 7. d4 O-O 8.
Bd3 c5 9. Ne2 Nc6 10. O-O cxd4 11. cxd4 Nb4 12. Ba3 Nxd3 13. Qxd3 Bxa3 14. Qxa3
Be6 15. Qg3 Qc7 16. c3 1/2-1/2

[Event "Senioren 2018"]
[Site "Bad Woerishofen"]
[Date "2018.02.25"]
[Round "3"]
[White "Baum, Bernd"]
[Black "Rahn, Oskar"]
[Result "1-0"]
[WhiteElo "2288"]
[BlackElo "2048"]
[PlyCount "81"]
[EventDate "2018.??.??"]
[WhiteTeam "SC Fulda"]
[BlackTeam "SK Frankenthal"]

1. c4 Nf6 2. g3 e5 3. Bg2 Bc5 4. Nc3 O-O 5. e3 Nc6 6. Nge2 Re8 7. O-O d6 8. b3
Bf5 9. d4 exd4 10. exd4 Bb6 11. h3 Ba5 12. a3 Bxc3 13. Nxc3 h6 14. Bb2 Qd7 15.
g4 Bh7 16. b4 Re7 17. b5 Nd8 18. d5 b6 19. Ne2 Ne4 20. Nf4 f5 21. Nh5 Bg6 22.
Nf4 Bh7 23. Re1 fxg4 24. hxg4 Nb7 25. Nh5 Rf8 26. f3 Nf6 27. Nxf6+ gxf6 28. Qd2
Rxe1+ 29. Rxe1 Qg7 30. Bc1 Nc5 31. Qxh6 Bd3 32. Qxg7+ Kxg7 33. Bf1 Rf7 34. Re3
Bc2 35. Bb2 Kg6 36. Kg2 f5 37. gxf5+ Kxf5 38. Kg3 Kg5 39. Bc3 a6 40. bxa6 Nxa6
41. Re6 1-0

[Event "Senioren 2018"]
[Site "Bad Woerishofen"]
[Date "2018.02.25"]
[Round "3"]
[White "Braeu, Wolfgang"]
[Black "Speicher, Franz"]
[Result "1-0"]
[WhiteElo "1878"]
[BlackElo "1868"]
[PlyCount "91"]
[EventDate "2018.??.??"]
[WhiteTeam "SF Buchenberg"]
[BlackTeam "SV Dicker Turm Esslingen"]

1. d4 d5 2. c4 c6 3. Nc3 e6 4. cxd5 cxd5 5. Bf4 Nc6 6. e3 a6 7. Rc1 Nf6 8. Bd3
Bd6 9. Bxd6 Qxd6 10. f4 Bd7 11. Nf3 Rc8 12. O-O Ne7 13. Ne5 Nf5 14. Qe2 h5 15.
Rfe1 O-O 16. a3 Qe7 17. Qf3 Rc7 18. Rc2 Rfc8 19. Rf2 Nd6 20. Nxd7 Qxd7 21. h3
Nde4 22. Nxe4 dxe4 23. Bxe4 Nxe4 24. Qxe4 g6 25. g4 hxg4 26. hxg4 f5 27. gxf5
exf5 28. Qe5 Re8 29. Qf6 Rc6 30. Qg5 Re7 31. Qg2 Re4 32. Rc2 Rxc2 33. Qxc2 Qe8
34. Qb3+ Qe6 35. Qxe6+ Rxe6 36. Kf2 Kf7 37. Rc1 b5 38. b4 Kf6 39. Kf3 Rd6 40.
Rc5 Ke6 41. Ke2 Kd7 42. d5 g5 43. fxg5 Rg6 44. Kf3 Rxg5 45. Kf4 Rh5 46. Rc6 1-0

[Event "Senioren 2018"]
[Site "Bad Woerishofen"]
[Date "2018.02.25"]
[Round "3"]
[White "Braun, Erhard"]
[Black "Loew, Peter"]
[Result "0-1"]
[WhiteElo "1932"]
[BlackElo "2117"]
[PlyCount "92"]
[EventDate "2018.??.??"]
[WhiteTeam "SC Heusweiler"]
[BlackTeam "SC Waldkraiburg"]

1. e4 g6 2. d4 Bg7 3. c4 d6 4. f4 Nc6 5. Be3 e5 6. dxe5 dxe5 7. Qxd8+ Nxd8 8.
Nc3 exf4 9. Bxf4 Ne6 10. g3 Nxf4 11. gxf4 Bxc3+ 12. bxc3 Bd7 13. Ne2 c5 14. Ng3
Bc6 15. Bg2 f5 16. Kf2 O-O-O 17. Rad1 Nf6 18. Rhe1 fxe4 19. h3 Kc7 20. Ke3 Rhe8
21. Bh1 Kb6 22. Rxd8 Rxd8 23. Kf2 Rd3 24. Re3 Rd1 25. Re1 Rxe1 26. Kxe1 Ka5 27.
Ke2 Ka4 28. Ke3 Ka3 29. Bxe4 Nxe4 30. Nxe4 b6 31. Nf6 h5 32. Nd5 Kxa2 33. Ne7
Be8 34. Nc8 Kb3 35. Nxa7 Bd7 36. Kd3 Be6 37. Nc6 Bxc4+ 38. Kd2 Be6 39. Ne5 Bf5
40. h4 b5 41. Nc6 Be4 42. Ne5 b4 43. cxb4 cxb4 44. Nd7 Kc4 45. Kc1 Kc3 46. Nc5
Bc2 0-1

[Event "Senioren 2018"]
[Site "Bad Woerishofen"]
[Date "2018.02.25"]
[Round "3"]
[White "Buss, Richard"]
[Black "Erdmann, Wolfgang"]
[Result "1-0"]
[WhiteElo "1595"]
[BlackElo "1731"]
[PlyCount "103"]
[EventDate "2018.??.??"]
[WhiteTeam "VfR Heisfelde"]
[BlackTeam "SC Roter Turm Altstadt"]

1. e4 d6 2. d4 Nf6 3. Nc3 g6 4. h3 Bg7 5. Nf3 O-O 6. Be3 c6 7. Bd3 Qc7 8. O-O
e5 9. dxe5 dxe5 10. Qe2 b6 11. Rfd1 Bb7 12. Rd2 a6 13. Rad1 c5 14. a4 Nc6 15.
Bg5 Na5 16. b3 Nc6 17. Bc4 Nd4 18. Nxd4 cxd4 19. Nd5 Nxd5 20. Bxd5 Bxd5 21.
exd5 f6 22. Bh4 Rfc8 23. Bg3 Bh6 24. Rxd4 Qxc2 25. Qxc2 Rxc2 26. R4d3 Rc1 27.
d6 Rxd1+ 28. Rxd1 Rd8 29. d7 Kf7 30. f3 Ke7 31. Bf2 b5 32. Bc5+ Kf7 33. Bb6 Ke7
34. Bxd8+ Kxd8 35. axb5 axb5 36. Rd5 Bf8 37. Rxb5 Kxd7 38. Rb7+ Ke6 39. Rxh7
Be7 40. Rh8 Bd6 41. Rc8 g5 42. Kf1 Kf5 43. Rc4 Ke6 44. Ke2 Kd5 45. g4 Bc5 46.
Kd3 Bd6 47. b4 Ke6 48. Ke4 Be7 49. b5 Bd6 50. b6 Kd7 51. b7 Bc7 52. Kd5 1-0

[Event "Senioren 2018"]
[Site "Bad Woerishofen"]
[Date "2018.02.25"]
[Round "3"]
[White "Chochoy, Patrick"]
[Black "Schnell, Franz"]
[Result "0-1"]
[WhiteElo "1604"]
[BlackElo "1733"]
[PlyCount "80"]
[EventDate "2018.??.??"]
[BlackTeam "SV Trossingen"]

1. e4 d5 2. exd5 Nf6 3. Nf3 Nxd5 4. c4 Nf6 5. d4 e6 6. Bd3 Be7 7. O-O O-O 8.
Nc3 c6 9. Ne5 Nbd7 10. Bf4 Re8 11. Re1 Nf8 12. Be3 Ng6 13. Qe2 Qc7 14. Bxg6
hxg6 15. Rad1 Bd6 16. Bc1 b6 17. Qf3 Bb7 18. Qh3 Rad8 19. Qh4 Bxe5 20. Rxe5 c5
21. Re3 cxd4 22. Rh3 Nh5 23. Rxd4 Rxd4 24. Qxd4 Qc6 25. f3 e5 26. Qh4 Qc5+ 27.
Kh1 Qd4 28. g4 Qxc4 29. Qe1 Nf6 30. Rg3 Nxg4 31. Qg1 Qd3 32. Ne4 Nh6 33. Bxh6
gxh6 34. Rxg6+ Kf8 35. Rg8+ Ke7 36. Rxe8+ Kxe8 37. Qg8+ Ke7 38. Qg2 Qb1+ 39.
Qg1 Bxe4 40. fxe4 Qxe4+ 0-1

[Event "Senioren 2018"]
[Site "Bad Woerishofen"]
[Date "2018.02.25"]
[Round "3"]
[White "Dallmeier, Gerhard"]
[Black "Oser, Thor"]
[Result "1/2-1/2"]
[WhiteElo "1790"]
[BlackElo "1650"]
[PlyCount "51"]
[EventDate "2018.??.??"]
[WhiteTeam "Roland Weißenfels"]
[BlackTeam "SK Jöhlingen"]

1. e4 c5 2. Nf3 Nc6 3. d4 cxd4 4. Nxd4 e6 5. Nc3 a6 6. Be3 Bb4 7. Be2 Nge7 8.
O-O O-O 9. Kh1 b5 10. f4 Bb7 11. Qe1 Nxd4 12. Bxd4 Bxe4 13. Bf3 Bxf3 14. Rxf3
Nf5 15. Bf2 d5 16. a3 Ba5 17. b4 Bb6 18. Rd1 Rc8 19. g4 Bxf2 20. Qxf2 Ne7 21.
Ne4 Qc7 22. Nc5 a5 23. Rh3 h6 24. Rg1 Kh7 25. c3 axb4 26. axb4 1/2-1/2

[Event "Senioren 2018"]
[Site "Bad Woerishofen"]
[Date "2018.02.25"]
[Round "3"]
[White "Dietl, Robert"]
[Black "Eichler, Gottfried"]
[Result "1/2-1/2"]
[WhiteElo "1912"]
[BlackElo "2025"]
[PlyCount "30"]
[EventDate "2018.??.??"]
[WhiteTeam "SK Königsbrunn"]
[BlackTeam "SV Bad Bevensen"]

1. e4 e6 2. d4 c5 3. Nf3 Nf6 4. e5 Nd5 5. c4 Nb6 6. dxc5 Bxc5 7. Bd3 d5 8. exd6
Bxd6 9. O-O Qc7 10. Nc3 Bd7 11. Be3 Bf4 12. Qd2 Bxe3 13. Qxe3 Bc6 14. Rfe1 N8d7
15. a4 a5 1/2-1/2

[Event "Senioren 2018"]
[Site "Bad Woerishofen"]
[Date "2018.02.25"]
[Round "3"]
[White "Felger, Karl"]
[Black "Spurga, Josef"]
[Result "0-1"]
[WhiteElo "1775"]
[BlackElo "1942"]
[PlyCount "68"]
[EventDate "2018.??.??"]
[WhiteTeam "Schachmatt Schorndorf"]
[BlackTeam "VfL Sindelfingen"]

1. d4 d5 2. e3 Nf6 3. f4 e6 4. Nf3 c5 5. c3 Nc6 6. Bd3 Bd6 7. O-O h6 8. dxc5
Bxc5 9. b4 Bb6 10. a4 a5 11. b5 Ne7 12. Nd4 Qc7 13. Qe1 Bd7 14. Ba3 Bc5 15. Qg3
O-O 16. Bxc5 Qxc5 17. f5 exf5 18. Bxf5 Nxf5 19. Nxf5 Bxf5 20. Rxf5 Ne4 21. Qe1
Nd6 22. Rf3 Rae8 23. Qd2 Re4 24. Qd3 Rfe8 25. Kf2 Nc4 26. Nd2 Ne5 27. Qe2 Ng4+
28. Kg3 Rxe3 29. Qd1 h5 30. Rxe3 Rxe3+ 31. Nf3 Qd6+ 32. Kh4 Nf2 33. Qc2 Qf4+
34. Kxh5 Qh6# 0-1

[Event "Senioren 2018"]
[Site "Bad Woerishofen"]
[Date "2018.02.25"]
[Round "3"]
[White "Fitzke, Ulrich"]
[Black "Plischke, Berthold"]
[Result "0-1"]
[WhiteElo "1812"]
[BlackElo "1961"]
[PlyCount "64"]
[EventDate "2018.??.??"]
[WhiteTeam "SV Bau-Union (Berlin)"]
[BlackTeam "SV Wesel"]

1. d4 e6 2. Nf3 f5 3. Bd2 Nf6 4. c4 Be7 5. Nc3 b6 6. e3 Bb7 7. Bd3 Ne4 8. O-O
O-O 9. Rc1 Qe8 10. Bb1 Qg6 11. Nxe4 fxe4 12. Bc3 Rxf3 13. Qxf3 exf3 14. Bxg6
hxg6 15. gxf3 Bxf3 16. Rfe1 Nc6 17. e4 Rf8 18. d5 Nb4 19. Rb1 Nc2 20. dxe6 Nxe1
21. Rxe1 dxe6 22. Re3 Bc5 23. Re1 Bg4 24. Kg2 Bxf2 25. Rf1 Bh4 26. Rxf8+ Kxf8
27. Be5 c6 28. b4 Be7 29. a3 Be2 30. Bb8 a5 31. bxa5 bxa5 32. Bc7 a4 0-1

[Event "Senioren 2018"]
[Site "Bad Woerishofen"]
[Date "2018.02.25"]
[Round "3"]
[White "Flockerzi, Armin"]
[Black "Winter, Bernd"]
[Result "1/2-1/2"]
[WhiteElo "1772"]
[BlackElo "1925"]
[PlyCount "36"]
[EventDate "2018.??.??"]
[WhiteTeam "VfR-SC Koblenz"]
[BlackTeam "Münchener SC"]

1. Nf3 Nf6 2. d4 g6 3. c4 Bg7 4. e3 O-O 5. Be2 d6 6. O-O Nbd7 7. Qc2 c6 8. Nbd2
Qc7 9. Re1 e5 10. b3 Re8 11. Bb2 exd4 12. Bxd4 Ne5 13. Nxe5 dxe5 14. Bc3 e4 15.
Qb2 Ng4 16. Nf1 Bxc3 17. Qxc3 Qe5 18. Qxe5 Nxe5 1/2-1/2

[Event "Senioren 2018"]
[Site "Bad Woerishofen"]
[Date "2018.02.25"]
[Round "3"]
[White "Fuchs, Joachim"]
[Black "Luebbers, Doris"]
[Result "1-0"]
[WhiteElo "1767"]
[BlackElo "1541"]
[PlyCount "77"]
[EventDate "2018.??.??"]
[WhiteTeam "SC Starnberg"]
[BlackTeam "SF Taunus"]

1. d4 d5 2. c4 c6 3. Nf3 Nf6 4. e3 e6 5. Nc3 b6 6. Bd3 Be7 7. O-O O-O 8. Ne5
Bb7 9. cxd5 cxd5 10. Qe2 Nbd7 11. Bd2 Ne4 12. Be1 f6 13. Nxd7 Qxd7 14. f3 Nxc3
15. Bxc3 Bd6 16. e4 dxe4 17. fxe4 Qe7 18. Bc4 Kh8 19. Qg4 Rae8 20. Bb5 Rc8 21.
Rad1 Rcd8 22. a3 Bc8 23. Qe2 Bd7 24. Rfe1 Bxb5 25. Qxb5 Qd7 26. Qh5 Qf7 27. Qe2
Rfe8 28. Kh1 Qg6 29. e5 fxe5 30. dxe5 Bc7 31. Qf3 Rxd1 32. Rxd1 Kg8 33. Rf1 a5
34. a4 Bd8 35. b4 Bc7 36. bxa5 bxa5 37. Bd4 Bd8 38. Bc5 Bc7 39. Qf8+ 1-0

[Event "Senioren 2018"]
[Site "Bad Woerishofen"]
[Date "2018.02.25"]
[Round "3"]
[White "Fuchs, Michael"]
[Black "Kierzek, Matthias"]
[Result "1/2-1/2"]
[WhiteElo "2065"]
[BlackElo "2259"]
[PlyCount "26"]
[EventDate "2018.??.??"]
[WhiteTeam "DJK SF Haselbach"]
[BlackTeam "SC Fulda"]

1. e4 c6 2. d4 d5 3. e5 Bf5 4. Nf3 e6 5. Be2 Ne7 6. O-O c5 7. c4 Nbc6 8. Nc3 a6
9. cxd5 Nxd5 10. Nxd5 Qxd5 11. Be3 cxd4 12. Nxd4 Nxd4 13. Qxd4 Qxd4 1/2-1/2

[Event "Senioren 2018"]
[Site "Bad Woerishofen"]
[Date "2018.02.25"]
[Round "3"]
[White "Ganslmayer, Anton"]
[Black "Kelchner, Hans"]
[Result "1/2-1/2"]
[WhiteElo "1992"]
[BlackElo "2165"]
[PlyCount "101"]
[EventDate "2018.??.??"]
[WhiteTeam "SC Wangen"]
[BlackTeam "SK Ludwigshafen"]

1. Nf3 d5 2. d4 e6 3. e3 Nf6 4. Bd3 c5 5. c3 Nc6 6. Nbd2 cxd4 7. exd4 Bd6 8.
O-O O-O 9. Re1 Qc7 10. Nf1 Bf4 11. Bxf4 Qxf4 12. Ng3 a6 13. h3 Bd7 14. Bc2 Rfc8
15. Qd3 g6 16. Ne2 Qc7 17. Rac1 b5 18. Qe3 Kg7 19. Ne5 Nxe5 20. dxe5 Ng8 21.
Nf4 Qc5 22. Qg3 Qe7 23. Re3 Ra7 24. Rf3 Rac7 25. Nh5+ Kh8 26. Nf6 Nxf6 27. exf6
Qf8 28. Rf4 Be8 29. Bd3 e5 30. Rh4 e4 31. Be2 Bd7 32. Qg5 Be6 33. Rh6 d4 34.
Qh4 Qg8 35. Qxe4 dxc3 36. bxc3 Rxc3 37. Rd1 Rc1 38. Rxc1 Rxc1+ 39. Kh2 Bxa2 40.
Qe5 Rc8 41. Bd3 Qf8 42. Qf4 Rc6 43. Be4 Qd6 44. Rh4 Qxf4+ 45. Rxf4 Rd6 46. g4
b4 47. g5 b3 48. h4 b2 49. Bc2 b1=Q 50. Bxb1 Bxb1 51. Rb4 1/2-1/2

[Event "Senioren 2018"]
[Site "Bad Woerishofen"]
[Date "2018.02.25"]
[Round "3"]
[White "Gerl, Hans"]
[Black "Zerweck, Christoph"]
[Result "1-0"]
[WhiteElo "2012"]
[BlackElo "1897"]
[PlyCount "125"]
[EventDate "2018.??.??"]
[WhiteTeam "SK Zirndorf"]
[BlackTeam "SV Herrenberg"]

1. d4 d5 2. c4 c6 3. Nf3 Nf6 4. Nc3 e6 5. e3 Nbd7 6. Bd3 dxc4 7. Bxc4 b5 8. Bd3
Bb7 9. O-O a6 10. b3 c5 11. dxc5 Nxc5 12. Be2 b4 13. Nb1 Be7 14. Bb2 O-O 15.
Nbd2 Nd5 16. Qc2 Rc8 17. Nc4 f6 18. Rfd1 Qc7 19. Rac1 Rfd8 20. Nd4 Nb6 21. f3
Kh8 22. e4 Qf4 23. g3 Qc7 24. Bf1 e5 25. Nf5 Bf8 26. Bh3 Rxd1+ 27. Rxd1 Rd8 28.
Nfe3 Rxd1+ 29. Qxd1 Nxc4 30. Nxc4 Be7 31. Bc1 Qd8 32. Qxd8+ Bxd8 33. Bd2 a5 34.
Be3 Be7 35. Nxa5 Ba6 36. Bf1 Bxf1 37. Kxf1 Bf8 38. Ke2 Kg8 39. Nc4 Kf7 40. Nb6
Ke6 41. Bd2 Na6 42. Kd3 Bc5 43. Nd5 f5 44. Kc4 fxe4 45. fxe4 Bg1 46. h3 Nc5 47.
Nxb4 Nxe4 48. Be1 Nd6+ 49. Kc3 e4 50. a4 Ke5 51. Nc6+ Kd5 52. Nb4+ Ke5 53. Nc2
h5 54. b4 Kd5 55. Na3 Nf5 56. a5 Bd4+ 57. Kb3 Be5 58. a6 Nd4+ 59. Ka4 Bb8 60.
b5 Ba7 61. Ba5 e3 62. b6 Ne2 63. bxa7 1-0

[Event "Senioren 2018"]
[Site "Bad Woerishofen"]
[Date "2018.02.25"]
[Round "3"]
[White "Goldinger, Josef"]
[Black "Gottwald, Helmut"]
[Result "1/2-1/2"]
[WhiteElo "1795"]
[BlackElo "1569"]
[PlyCount "38"]
[EventDate "2018.??.??"]
[WhiteTeam "SV Rottweil"]
[BlackTeam "SV Dicker Turm Esslingen"]

1. e4 e6 2. d4 d5 3. e5 c5 4. c3 Nc6 5. Nf3 Bd7 6. Be2 Rc8 7. O-O cxd4 8. cxd4
Nb4 9. Nc3 a6 10. a3 Nc6 11. Be3 Nge7 12. Bd3 Ng6 13. Rc1 Be7 14. g3 O-O 15.
Ne2 f6 16. Bxg6 hxg6 17. Nh4 Be8 18. exf6 Bxf6 19. Ng2 g5 1/2-1/2